000 00426nam a22001697a 4500
999 _c10306
_d10306
003 GBCCL
005 20241126110729.0
008 240611b ||||| |||| 00| 0 eng d
040 _cgbc
082 _a248
_bRAI
100 _aRaichur, Ashish
_97679
245 _aSpeak your faith
260 _aBangalore :
_bAll peoples Church and World outreach,
_c2023
300 _a122p. ;
650 _aFaith
_92645
942 _2ddc
_cBK
_01